02291nam a22001817a 450000500170000000800410001702000180005804000070007604100080008310000290009124500200012026000330014030000240017352018380019765000430203594200120207899900190209020230810111211.0230810b ||||| |||| 00| 0 eng d a9780007533015 cAL aeng aSidney Sheldon S9129837 aTides of memory aLondonbHarper Collinsc2013 a488p.bPBc18x11cm. aAn addictive, edge-of-your-seat thriller filled with the hallmark elements that made New York Times bestselling author Sidney Sheldon the master of the story-telling game (People)—an international legend: shocking twists, money, power, and betrayal involving an influential family and the beautiful and formidable woman at its center whose dark secrets can destroy them all An addictive, edge-of-your-seat thriller filled with the hallmark elements that made New York Times bestselling author Sidney Sheldon—the master of the story-telling game (People)—an international legend: shocking twists, money, power, and betrayal involving an influential family and the beautiful and formidable woman at its center whose dark secrets can destroy them all. The conservative partys newest superstar, Alexia De Vere has worked hard to realize her political ambitions. The brilliant and ruthless wife of wealthy aristocrat Teddy De Vere, Alexia relishes her power and the control it gives her to shape and destroy lives. Yet success has also demanded sacrifice. Her daughter, Roxie, a bitter young woman confined to a wheelchair after a failed suicide attempt, blames Alexia for ruining her life. Alexias dashing son, Michael, is risking the family good name to jump-start his entre-preneurial dreams. Thankfully, Alexia has Teddy, her devoted husband who will stop at nothing to protect her. But beneath Alexia De Veres gilded life and formidable facade lie secrets that are ugly, dirty, and deadly. When long-buried mistakes of her youth begin to resurface, old hatreds are rekindled and Alexia finds herself on the brink of losing everything her power, her family, and even her own life. Now the woman who rose so high is on the brink of a perilous fall. For when the tides of memory rise, the only thing that might save her is the truth. 2LiteratureaEnglish Literature9129838 2ddccBK c228282d228282